California state mining bureau. William Irelan, jr., state mineralogy. Eighth annual report of the state mineralogist. For the year ending october 1, 1888

Detalles Bibliográficos
Formato: Libro
Lenguaje:English
Publicado: Sacramento : state office J. D. Young, supt. state printing, 1888.
Materias:
Colección:Banco de datos
Acervo:Universidad Autónoma Benito Juárez de Oaxaca. Biblioteca Francisco de Burgoa. Colección histórica
Descripción Física:948 p. : il. ; 22 cm.
Tema general:Mineralogía
Notas:Portada tipográfica con viñeta. Texto a renglón seguido con paginación en números arábigos, notas a pie de página y cornisas. Incluye ilustraciones. Encuadernación en keratol con lomo en piel
LEADER 01061nam a22001810004500
035 |a 1873 
041 0 |a eng 
245 1 0 |a California state mining bureau. William Irelan, jr., state mineralogy. Eighth annual report of the state mineralogist. For the year ending october 1, 1888 
260 |a Sacramento : state office J. D. Young, supt. state printing, 1888. 
300 |a 948 p. : il. ; 22 cm. 
500 |a Portada tipográfica con viñeta. Texto a renglón seguido con paginación en números arábigos, notas a pie de página y cornisas. Incluye ilustraciones. Encuadernación en keratol con lomo en piel 
504 |a Al principio de la obra está el índice de contenido 
504 |a Al final de la obra están el índice alfabético y la fe de erratas  
650 1 0 |a Mineralogía 
852 |a Universidad Autónoma "Benito Juárez" de Oaxaca, Biblioteca Francisco de Burgoa, Colección histórica 13505 
942 |c BURHIS 
943 |g Universidad Autónoma Benito Juárez de Oaxaca. Biblioteca Francisco de Burgoa. Colección histórica 
999 |c 1120375  |d 1120375